00665nam a22002057a 4500003000500000005001700005008004100022010001000063011001000073035001000083040000900093100003000102245010500132260004000237300001900277502009900296650002000395650002100415650002300436CHAP20220329134407.0971013s1994 r 00010 d a19880 a20852 a24941 cCHAP00aCerqueda Angeles, Carlos. aModelo óptimo de transporte para la comercilización nacional del nopal verdura (O. ficus indica) aChapingo, Méx. :bEl autor,c1994 a69 h.e+ anexo aTesis (Ing. Agr. Esp. en Economía Agrícola) -- UACH. Departamento de Economía Agrícola14aNopalxConsumo.14aNopalxMercadeo.14aNopalxTransporte.